| 000 | 01463 a2200169 4500 | ||
|---|---|---|---|
| 003 | NUST | ||
| 005 | 20230719105024.0 | ||
| 040 | _cNust | ||
| 082 | _a621,GRA | ||
| 100 |
_aGraham, Frankd . _9113721 |
||
| 245 |
_aAudels new electric library Vol .VI , VII, IX, and X / _cFrankd Graham |
||
| 260 |
_aBombay i _bD.B.Taraporevala sons & co _c1968 |
||
| 300 | _a626 p. | ||
| 505 | _a• Radio principles (Pages 4441 to 4453) • A power supply units (Pages 4455 to 4472) • Vacuum tubes (Pages 4473 to4494) • Radio receivers (Pages 4495 to 4512) • Radio circuit diagrams (Pages 4513 to 4530) • Control systems (Pages4560 to 4576) • Loud speakers (Pages 4638 to 4688) • to 184 radio testing (Pages 4712 to 4718) • The telephone (Pages 4764 to 4804) • Inter-communicating telephone s (Pages 4805 to 4824) • Telephone troubles (Pages 4825 to 4838) • The dial telephone (Pages 4839 to 4860) • The telegraph (Pages 4861 to 4874) • Optics (Pages 4875 to 4888) • Physics of sound (Pages to 4889 to 4910) • Principles of photographic sound recording (Pages 4911 to 4988) • Projection room layout (Pages 4914 to 4950) • Projector operation (Pages 4951 to 4986 ) • Motion picture projection 4911 to 4988 • Various sound projector systems (Pages -H) • To 204 questions and answers (Pages 4989 to 5002) • Electronic television (Pages 5003 to 5016 H) | ||
| 650 |
_aElectical engineering _9101091 |
||
| 942 |
_2ddc _cBK _k621,GRA |
||
| 999 |
_c190543 _d190543 |
||